000 004630000a22001810004500
003 MACL
005 20151231124934.0
008 151231b xxu||||| |||| 00| 0 eng d
040 _aMACL
_cMACL
041 _aEnglish
082 _a364.152/SAR
100 _aSarna, A B
_925583
245 _aMurder And Sucide Among The Munda And the Oraon
260 _bNational
_c1974
_aDelhi
350 _a40
650 _aSocial Science
_925584
942 _cBK
_k364.152/Bha
_2ddc
999 _c35561
_d35561